| 000 | 00382nam a2200121Ia 4500 | ||
|---|---|---|---|
| 008 | 210430s9999 xx 000 0 und d | ||
| 082 | _a519.4 F159S | ||
| 100 |
_aRichard L.Burden,J.Douglas Faires _955017 |
||
| 245 |
_aNumerical analysis(theory and applications) _cRichard L.Burden,J.Douglas Faires |
||
| 260 |
_aIndia _bcengage learning _c2010 |
||
| 300 | _a779p. | ||
| 942 |
_cBK _2ddc |
||
| 999 |
_c565977 _d565977 |
||